Music Quiz

Random Music or Bands Quiz

Original warped tour bands Quiz Stats

 Plays Quiz not verified by Sporcle

Challenge
Share
Tweet
Embed
Score 0/15 Timer 04:00
0 Plays Today
% Correct
Sublime
80%
No Doubt
54.3%
No Use For A Name
31.4%
L7
22.9%
Deftones
17.1%
CIV
14.3%
Quicksand
14.3%
Sick Of It All
14.3%
% Correct
Face To Face
11.4%
Fluf
8.6%
Orange 9mm
5.7%
Supernova
2.9%
Tilt
2.9%
Seadweed
0%
Tree
0%

You're not logged in!

Compare scores with friends on all Sporcle quizzes.
OR
Log In

You Might Also Like...

Show Comments

Extras

Created Feb 24, 2010ReportNominate
Tags:Bands Quiz, original, tour, warped

Top Quizzes Today


Score Distribution

Your Account Isn't Verified!

In order to create a playlist on Sporcle, you need to verify the email address you used during registration. Go to your Sporcle Settings to finish the process.

Report this User

Report this user for behavior that violates our Community Guidelines.

Details: